| 000 | 00533nam a22001817a 4500 | ||
|---|---|---|---|
| 999 |
_c58536 _d58533 |
||
| 082 | _aR/5BS(CS)12 | ||
| 100 | _aZeeshan | ||
| 100 | _aRoll No. 12BS(CS)06 | ||
| 100 | _aSupervisor - Engr. M. Awais Rajput | ||
| 245 | _aVisitor log System Using RFID and GSM. | ||
| 260 |
_aNawabshah _bQUEST _c2016 |
||
| 300 | _a39p | ||
| 700 | _aSaqib Ali (Roll No. 12BS(CS)25) | ||
| 700 | _aAia-ur-Rehman (Roll No. 12BS(CS)44) | ||
| 700 | _aGhazanfar (Roll No. 12BS(CS)34) | ||
| 700 | _aShankar Motwani (Roll No. 12BS(CS)53) | ||
| 942 | _cTHESIS | ||